Ekonomski Pregled (Ökonomische Rundschau) (Record no. 5857)
[ view plain ]
| 000 -LEADER | |
|---|---|
| fixed length control field | 00542nas a22002057i 4500 |
| 001 - CONTROL NUMBER | |
| control field | 6250 |
| 003 - CONTROL NUMBER IDENTIFIER | |
| control field | OSt |
| 005 - DATE AND TIME OF LATEST TRANSACTION | |
| control field | 20170126082354.0 |
| 007 - PHYSICAL DESCRIPTION FIXED FIELD--GENERAL INFORMATION | |
| fixed length control field | tu |
| 008 - FIXED-LENGTH DATA ELEMENTS--GENERAL INFORMATION | |
| fixed length control field | 161220s xxu||||| |||| 00| 0 d |
| 022 ## - INTERNATIONAL STANDARD SERIAL NUMBER | |
| International Standard Serial Number | 0424-7558 |
| 024 7# - OTHER STANDARD IDENTIFIER | |
| Standard number or code | 6250 |
| Source of number or code | RID |
| 024 7# - OTHER STANDARD IDENTIFIER | |
| Standard number or code | 6250 |
| Source of number or code | RSN (alt) |
| 040 ## - CATALOGING SOURCE | |
| Transcribing agency | OSt |
| 110 2# - MAIN ENTRY--CORPORATE NAME | |
| Corporate name or jurisdiction name as entry element | Mjesecnik Hrvatskog Drustva Ekonomista |
| 245 00 - TITLE STATEMENT | |
| Title | Ekonomski Pregled (Ökonomische Rundschau) |
| 260 ## - PUBLICATION, DISTRIBUTION, ETC. | |
| Place of publication, distribution, etc. | Zagreb : |
| Name of publisher, distributor, etc. | Mjesecnik Hrvatskog Diustva Ekonomista. |
| 856 ## - ELECTRONIC LOCATION AND ACCESS | |
| Uniform Resource Identifier | <a href="http://www.hde.dr; http://hrcak.srce.hr">http://www.hde.dr; http://hrcak.srce.hr</a> |
| 866 #0 - TEXTUAL HOLDINGS--BASIC BIBLIOGRAPHIC UNIT | |
| -- | 1996 - 2012 |
| 942 ## - ADDED ENTRY ELEMENTS (KOHA) | |
| Koha item type | Journal |
| Withdrawn status | Lost status | Damaged status | Not for loan | Home library | Current library | Shelving location | Date acquired | Serial Enumeration / chronology | Inventory number | Total Checkouts | Barcode | Date last seen | Price effective from | Koha item type |
|---|---|---|---|---|---|---|---|---|---|---|---|---|---|---|
| WIIW | WIIW | Library | 01/22/2015 | 66.2015,1 | 6250 | 10006169 | 01/26/2017 | 01/26/2017 | Journal | |||||
| WIIW | WIIW | Library | 05/28/2015 | 66.2015,2 | 6250 | 10006235 | 01/26/2017 | 01/26/2017 | Journal | |||||
| WIIW | WIIW | Library | 10/01/2015 | 66.2015,3 | 6250 | 10006258 | 01/26/2017 | 01/26/2017 | Journal | |||||
| WIIW | WIIW | Library | 11/03/2015 | 66.2015,4 | 6250 | 10006262 | 01/26/2017 | 01/26/2017 | Journal | |||||
| WIIW | WIIW | Library | 12/10/2015 | 66.2015,5 | 6250 | 10006275 | 01/26/2017 | 01/26/2017 | Journal | |||||
| WIIW | WIIW | Library | 01/15/2016 | 66.2015,6 | 6250 | 10006290 | 01/26/2017 | 01/26/2017 | Journal |
